000 01978cam a22005894i 4500
003 PE-LiUPU
005 20250731180052.0
008 020501s1996 mx d g 000 0 spa d
020 _a9682451604
020 _a9789682451607
035 _a(Sirsi) i9789682451607
040 _aPE-LiUPU
_bspa
_cPE-LiUPU
_erda
049 _aPRUA
082 0 4 _a574.5223
_bN28
100 1 _aNava C., Roberto,
_eautor.
245 1 0 _aEcosistema :
_bla unidad de la naturaleza y el hombre /
_cRoberto Nava C., Roberto Armijo T., Juan Gastó C.
250 _aSegunda edición.
264 1 _aMéxico :
_bTrillas,
_c1996.
300 _a293 páginas ;
_c23 centímetros
336 _atext
_2rdacontent
337 _aunmediated
_2rdamedia
338 _avolume
_2rdacarrier
505 0 _aEcosisitema -- Arquitectura -- Funcionamiento -- Cambios de estado -- Mecanismos sistemogénicos -- Metodología clínica -- Ecosistema origen.
526 _aSEG44
526 _aSEG26
526 _aP159
526 _aP155
526 _aP154
526 _aP153
526 _aP150
526 _aP100
526 _aP31
526 _aP30
526 _aP26
526 _aP25
526 _aP24
526 _aP22
526 _aP15
526 _aP10
650 0 4 _aEcología.
_92193
650 0 4 _aEcosistemas.
650 1 4 _aRecursos naturales renovables.
700 1 _aArmijo T., Roberto,
_eautor.
700 1 _aGastó C., Juan,
_eautor.
910 _ajck
_cbd
942 _2ddc
_cBOOK
949 _a574.5223 N28
_wDEWEY
_c1
_i70226
_lCCODEBUL1
_mBUL
_p20.00
_r0
_sY
_tBOOK
_u2015-7-24
_xINGENIERIA
_PP24
_0COMPRA
_o.STAFF. Colección General
994 _aC0
_bPEPRU
596 _a1
999 _a574.5223 N28
_wDEWEY
_c6548
_i70226
_d6548
_e2018-8-21
_f2021-11-9
_g7
_lCCODEBUL1
_mBUL
_n5
_p20.00
_q1
_r0
_sY
_tBOOK
_u2015-7-24
_xINGENIERIA
_PP24
_0COMPRA
_o.STAFF. Colección General
980 _81
_gALBERTO SANCHEZ Responsable de Automatización